[Event "Recife Cacoal op"]
[Site "Recife"]
[Date "2024.06.01"]
[Round "3"]
[White "Larga, Carlos Eduardo dos"]
[Black "Montes, Sofia"]
[Result "1-0"]
[WhiteElo "1622"]
[BlackElo "1743"]
[PlyCount "66"]
[EventDate "2024.05.31"]
[EventType "swiss"]
[EventRounds "6"]
[EventCountry "BRA"]
[SourceTitle "CBM 220 Extra"]
[Source "ChessBase"]
[SourceDate "2024.07.31"]
[SourceVersion "1"]
[SourceVersionDate "2024.07.31"]
[SourceQuality "1"]

1. e4 e6 2. Nc3 d5 3. exd5 exd5 4. d4 Nf6 5. Nge2 a6 6. g3 c6 7. Bg2 Be7 8. 0-0 0-0 9. Re1 Bf5 10. Bg5 Nbd7 11. Qd2 Re8 12. h3 b5 13. g4 Bg6 14. Nf4 b4 15. Nxg6 hxg6 16. Ne2 Ne4 17. Bxe7 Qxe7 18. Bxe4 Qxe4 19. Ng3 Qf3 20. Qxb4 Qf6 21. Qd2 Rab8 22. b3 Nf8 23. c3 Ne6 24. Ne2 Ng5 25. Qd3 Nf3+ 26. Kg2 Nxe1+ 27. Rxe1 a5 28. c4 dxc4 29. bxc4 Rb2 30. a3 Qe7 31. Kf1 Qe4 32. Qd1 Qh1+ 33. Ng1 Rxe1+ 1-0